<?xml version="1.0" encoding="utf-8"?>
<?xml-stylesheet type='text/xsl' href='./oai2.xsl'?>
<OAI-PMH xmlns="http://www.openarchives.org/OAI/2.0/" xmlns:xsi="http://www.w3.org/2001/XMLSchema-instance" xsi:schemaLocation="http://www.openarchives.org/OAI/2.0/ http://www.openarchives.org/OAI/2.0/OAI-PMH.xsd">
  <responseDate>2026-06-07T20:14:19Z</responseDate>
  <request verb="GetRecord" metadataPrefix="marcxml" identifier="record_kuniweb_2686906">https://kulturerbe.niedersachsen.de/oai</request>
  <GetRecord>
    <record>
      <header>
        <identifier>record_kuniweb_2686906</identifier>
        <datestamp>2026-03-31T19:09:18Z</datestamp>
        <setSpec>slg0175</setSpec>
      </header>
      <metadata>
        <marc:record xmlns:marc="http://www.loc.gov/MARC21/slim" xsi:schemaLocation="http://www.loc.gov/MARC21/slim http://www.loc.gov/standards/marcxml/schema/MARC21slim.xsd">
          <marc:leader>12345nkm  22     uu 4500</marc:leader>
          <marc:controlfield tag="001">2686906</marc:controlfield>
          <marc:controlfield tag="003">http://kuniweb.gbv.de</marc:controlfield>
          <marc:controlfield tag="005">2025-06-11T13:54:17</marc:controlfield>
          <marc:controlfield tag="008">|           ||||||||||||||||||||||</marc:controlfield>
          <marc:datafield tag="245" ind1="1" ind2="0">
            <marc:subfield code="a">Programm der Feier zur Eröffnung des historischen Saales im ‘Grafenhof’ zu Stotel am 5. Dezember 1897</marc:subfield>
          </marc:datafield>
          <marc:datafield tag="720" ind1=" " ind2=" ">
            <marc:subfield code="a">Hermann Allmers</marc:subfield>
          </marc:datafield>
          <marc:datafield tag="720" ind1=" " ind2=" ">
            <marc:subfield code="a">NORDSEE-ZEITUNG GmbH</marc:subfield>
          </marc:datafield>
          <marc:datafield tag="655" ind1=" " ind2="7">
            <marc:subfield code="a">Druckschriften</marc:subfield>
          </marc:datafield>
          <marc:datafield tag="046" ind1=" " ind2=" ">
            <marc:subfield code="k">1897</marc:subfield>
            <marc:subfield code="k">zum 5. Dezember 1897 (Druck des Programms der Feier zur Eröffnung des 'Grafenhofs' zu Stotel am 5. Dezember 1897)</marc:subfield>
          </marc:datafield>
          <marc:datafield tag="260" ind1=" " ind2=" ">
            <marc:subfield code="g">1897</marc:subfield>
            <marc:subfield code="g">zum 5. Dezember 1897 (Druck des Programms der Feier zur Eröffnung des 'Grafenhofs' zu Stotel am 5. Dezember 1897)</marc:subfield>
          </marc:datafield>
          <marc:datafield tag="300" ind1=" " ind2=" ">
            <marc:subfield code="a">Höhe: 296 mm (Faltblatt)
Breite: 223 mm (Faltblatt)</marc:subfield>
          </marc:datafield>
          <marc:datafield tag="520" ind1=" " ind2=" ">
            <marc:subfield code="a">Programm der Feier zur Eröffnung des historischen Saales im ‘Grafenhof’ zu Stotel am 5. Dezember 1897, bedrucktes Faltblatt der Nordsee-Zeitung, Geestemünde. Programm, Lieder und Rede zur Eröffnung des Festsaals von Allmers selbst zur Enthüllung der von ihm initiierten historischen Fresken von Hugo Ungewitter - Fotografien nach den Wandgemälden im NHA 6.7.113-115.
Faltblatt mit dem Programm zweifach im NHA erhalten (8.2.001a) (T. Mahler 06/2025)

Aufdruck:
"Feier/ zur/ Eröffnung des historischen Saales/ im/ 'Grafenhof' zu Stotel/ am/ Sonntag, den 5. December 1897." mittig auf dem Titelblatt "Programm./ 1. Mittags 11 1/2 Uhr: Empfang des Herrn Regierungspräsidenten Himly, des Herrn H. Allmers - Rechtenfleth und der ünrigen Ehrengäste durch das Empfangs-Comitée und den Reitclub von Stotel auf dem Bahnhof zu Loxstedt./ Begrüssung der Herren durch Herrn C. H. Haxsen./ 2. Ankunft im 'Grafenhof' bald nach 12 Uhr. Begrüssung der Herren durch den Besitzer des 'Grafenhofes'./ 3. Eröffnungsfeier: 1 1/2 Uhr Nachmittags./ a. Ouverture zu Mozart's 'Titus'./ b. Festchor des Gesangsvereins 'Eintracht' in Stotel von H. Allmers, Musik von Becker./ c. Ansprache des Herrn H. Allmers - Rechtenfleth./ d. Allgemeiner Gesang des Heimatliedes./ e. Hoch auf den Stifter, Freiherrn v. Biel - Kalkhorst./ f. Eröffnung des Saales und Besichtigung der Gemälde./ 4. Festessen 2 1/2 Uhr. Tafelmusik der Matrosen-Art.-Capelle./ 5. Concert: Nachmittags 5 Uhr. Ausgeführt von der Matrosen-Art.-Capelle aus Lehe, unter persönlicher Leitung des Königl. Musikdirigenten Herrn Waldow./ a. Ouverture 'Goldene Gate' von Chr. Bach./ b. Erinnerung an Wagner's 'Tannhäuser', Fantasie von Haman./ c. 'Des Kaisers Leibhusaren', Reiterstück von Friedemann./ d. Selection aus 'Der Vogelhändler' von Zeller./6. Fest-Ball/ bald nach 7 Uhr." mittig 1. Seite "Festchor [...]/ Heimatlied [...]" Liedtexte auf Seite 2f. "Inhalt der historischen Fresken./ I. Rechts vom Eingange: Kampf eines Grafen von Stotel, gegen normannische Seeräuber, deren Drachen-Schiff auf eine Sandbank geraten ist (9. Jahrhundert)./ Der Stoteler Grafen Erstes war,/ Ihr Volk zu schützen in Gefahr./ II. Der Graf von Stotel als Vorsitzender des Volksgerichts unter der Staleiche zu Hagen (15. Jahrhundert)./ Sie halfen bis zum ärmsten Knecht/ Zu Hagen Jedermann zum Recht./ III. Kunigunde, Tochter des Grafen Ulrich von Stotel, wird in festlichem Reiter-zuge ihrem Verlobten, dem Grafen Burchard von Oldenburg, vor Dedesdorf zugeführt./ Und schliesslich schloss, wie allen kund,/ Des Grafen schöne Kunigund/ Mit Oldenburg den Liebesbund./ IV. Bild Karl's des Grossen/ (in Aussicht genommen)." mittig S. 3 (Druck des Programms auf dem Faltblatt)

Literatur in Zusammenhang:
H. Allmers, H. G. Steimer, und A. Behne, „Briefwechsel mit Freunden in der Ferne 1880-1901“, Briefwechsel, Bd. 3, Teilband 2. Edition Temmen, Bremen, 2019. (Vgl. S. 622)</marc:subfield>
          </marc:datafield>
          <marc:datafield tag="650" ind1="1" ind2=" ">
            <marc:subfield code="a">Druckwesen, Schriftwesen &gt; Blatt, Faltblatt, Plakat &gt; Faltblatt</marc:subfield>
          </marc:datafield>
          <marc:datafield tag="650" ind1="1" ind2=" ">
            <marc:subfield code="a">Stotel</marc:subfield>
          </marc:datafield>
          <marc:datafield tag="773" ind1="0" ind2=" ">
            <marc:subfield code="t">Sammlung und Nachlass Hermann Allmers</marc:subfield>
          </marc:datafield>
          <marc:datafield tag="852" ind1=" " ind2=" ">
            <marc:subfield code="a">Archiv des Landkreises Cuxhaven</marc:subfield>
          </marc:datafield>
          <marc:datafield tag="" ind1=" " ind2=" ">
            <marc:subfield code="a">Sammlung und Nachlass Hermann Allmers sind Eigentum der Hermann-Allmers-Gesellschaft e. V. und werden in zwei Teilen an zwei Standorten verwahrt:
Die (museale) Sammlung, bestehend aus Mobiliar und Hausgerät, Tafelgemälden, kleineren und größeren Antiken, Gipsabgüssen, kunsthandwerklichen Objekten aus Keramik und Glas und einer kleinen Bibliothek, befindet sich im Allmers-Haus in Rechtenfleth.
Der literarische, grafische und fotografische "Nachlass Hermann Allmers" hingegen ist im Archiv des Landkreises Cuxhaven in Otterndorf deponiert.</marc:subfield>
          </marc:datafield>
          <marc:datafield tag="" ind1=" " ind2=" ">
            <marc:subfield code="a">Namensnennung - Nicht kommerziell - Keine Bearbeitungen 4.0 International (CC BY-NC-ND 4.0)</marc:subfield>
          </marc:datafield>
        </marc:record>
      </metadata>
    </record>
  </GetRecord>
</OAI-PMH>
